
Library Catalogue

| 000 -LEADER | |
|---|---|
| fixed length control field | 00917cam a22002777a 4500 |
| 001 - CONTROL NUMBER | |
| control field | 3821467 |
| 003 - CONTROL NUMBER IDENTIFIER | |
| control field | OSt |
| 005 - DATE AND TIME OF LATEST TRANSACTION | |
| control field | 20200618115917.0 |
| 007 - PHYSICAL DESCRIPTION FIXED FIELD--GENERAL INFORMATION | |
| fixed length control field | heramb---baca |
| 007 - PHYSICAL DESCRIPTION FIXED FIELD--GENERAL INFORMATION | |
| fixed length control field | herbmb---baaa |
| 008 - FIXED-LENGTH DATA ELEMENTS--GENERAL INFORMATION | |
| fixed length control field | 860124s1985 ii b s000 0 eng |
| 010 ## - LIBRARY OF CONGRESS CONTROL NUMBER | |
| LC control number | 85908110 |
| 025 ## - OVERSEAS ACQUISITION NUMBER | |
| Overseas acquisition number | I E 49832 |
| 040 ## - CATALOGING SOURCE | |
| Original cataloging agency | DLC |
| Transcribing agency | DLC |
| Modifying agency | DLC |
| 043 ## - GEOGRAPHIC AREA CODE | |
| Geographic area code | a-ii--- |
| 050 00 - LIBRARY OF CONGRESS CALL NUMBER | |
| Classification number | Microfiche |
| Item number | 85/60250 (J) |
| 082 ## - DEWEY DECIMAL CLASSIFICATION NUMBER | |
| Classification number | 342.07 SUR |
| 100 ## - MAIN ENTRY--PERSONAL NAME | |
| Dates associated with a name | Suranjana C |
| 245 00 - TITLE STATEMENT | |
| Title | 25 years of elections in Karnataka, 1952-1977 |
| Medium | [microform]. |
| 260 ## - PUBLICATION, DISTRIBUTION, ETC. | |
| Place of publication, distribution, etc. | Bangalore : |
| Name of publisher, distributor, etc. | Chief Electoral Officer and Special Secretary to Govt., Dept. of Cabinet Affairs, |
| Date of publication, distribution, etc. | 1977. |
| 300 ## - PHYSICAL DESCRIPTION | |
| Extent | 152 p. ; |
| Dimensions | 29 cm. |
| 500 ## - GENERAL NOTE | |
| General note | Master microform held by: DLC. |
| 533 ## - REPRODUCTION NOTE | |
| Type of reproduction | Microfiche. |
| Place of reproduction | Washington, D.C. : |
| Agency responsible for reproduction | Library of Congress Photoduplication Service, |
| Date of reproduction | 1985. |
| Physical description of reproduction | 2 microfiche ; 11 x 15 cm. |
| 906 ## - LOCAL DATA ELEMENT F, LDF (RLIN) | |
| a | 7 |
| b | cbc |
| c | orignew |
| d | 5 |
| e | ncip |
| f | 19 |
| g | y-genmicro |
| 942 ## - ADDED ENTRY ELEMENTS (KOHA) | |
| Source of classification or shelving scheme | Dewey Decimal Classification |
| Koha item type | CSSEIP Office Library Collection |
| Withdrawn status | Lost status | Source of classification or shelving scheme | Materials specified (bound volume or other part) | Damaged status | Not for loan | Home library | Current library | Shelving location | Date acquired | Total Checkouts | Full call number | Barcode | Date last seen | Price effective from | Koha item type | Public note |
|---|---|---|---|---|---|---|---|---|---|---|---|---|---|---|---|---|
| Dewey Decimal Classification | PB | . | . | CSSEIP Office Library - Ambedkar Studies Books | 18.06.2020 | 342.07 SUR-1 | AMB108 | 18.06.2020 | 18.06.2020 | CSSEIP Office Library Collection | Available in CSSEIP Department Library | |||||
| Dewey Decimal Classification | PB | . | . | CSSEIP Office Library - Ambedkar Studies Books | 18.06.2020 | 342.07 SUR-2 | AMB109 | 18.06.2020 | 18.06.2020 | CSSEIP Office Library Collection | Available in CSSEIP Department Library |